Walt Disney's Snow White the quiz - Statistics

General Stats
  • This quiz has been taken 200 times
    188 since last reset
  • The average score is 9 of 13
Answer Stats
Hint Answer % Correct
The princess Snow White
97%
Number of dwarves that live in the cottage 7
91%
The cheerful dwarf Happy
89%
The angry dwarf Grumpy
88%
The slumbering dwarf Sleepy
88%
The dwarf which blushes Bashful
86%
The leader of the dwarves Doc
83%
The dwarf which keeps falling over Dopey
78%
The loud dwarf Sneezy
77%
Evil Stepmother Queen
44%
The mystical item Magic Mirror
40%
The princess' saviour The Prince
25%
Name of the huntsman Humbert
12%
No matching quizzes found
Score Distribution
Percent of People with Each Score
Percentile by Number Answered
Your Score History
You have not taken this quiz since the last reset